Report of the Comptroller and Auditor General of India, no.9(Commercial) of 1991: Nagaland Pulp & Paper Co. Ltd. (Record no. 73603)

MARC details
000 -LEADER
fixed length control field 00431nam a2200133Ia 4500
008 - FIXED-LENGTH DATA ELEMENTS--GENERAL INFORMATION
fixed length control field 230917s9999||||xx |||||||||||||| ||und||
040 ## - CATALOGING SOURCE
-- 188797
Original cataloging agency VIVEKANANDA LIBRARY
041 ## - Language
-- English
082 ## - DDC NUMBER
Classification number 657.45 I2R(1991)(9)
100 ## - MAIN ENTRY--PERSONAL NAME
Personal name India, Comptroller and Auditor General of India
245 #0 - TITLE STATEMENT
Title Report of the Comptroller and Auditor General of India, no.9(Commercial) of 1991: Nagaland Pulp & Paper Co. Ltd.
300 ## - PHYSICAL DESCRIPTION
Pages 19 p.
942 ## - ADDED ENTRY ELEMENTS (KOHA)
Koha item type Books
Holdings
Withdrawn status Lost status Damaged status Not for loan Location (home branch) Sublocation or collection (holding branch) Date acquired Koha issues (times borrowed) Koha full call number Accession No. Koha date last seen Koha item type
        VIVEKANANDA LIBRARY VIVEKANANDA LIBRARY 13/09/2011   657.45 I2R(1991)(9) 148006 17/09/2023 Books
© Designed and Maintained by Vivekananda Library, MDU Rohtak